Cuba a los ojos del mundo /

में बचाया:
ग्रंथसूची विवरण
मुख्य लेखक: Sader, Emir
स्वरूप: मूलपाठ
टैग: टैग जोड़ें
कोई टैग नहीं, इस रिकॉर्ड को टैग करने वाले पहले व्यक्ति बनें!

MARC

LEADER 00000 a a2200000 04500
001 41308
003
040 |a CRAI/IIS  |c CRAI/IIS 
100 |a Sader, Emir  
245 |a Cuba a los ojos del mundo /  |c Emir Sader  
773 |g número254 (2009), páginas 127-129  
999 |c 19615  |d 19615